书目信息 |
| 题名: |
地方治理中的公民参与
|
|
| 作者: | 陈振明 , 桑克顿 主编 | |
| 分册: | ||
| 出版信息: | 北京 中国人民大学出版社 2016 |
|
| 页数: | 266页 | |
| 开本: | 24cm | |
| 丛书名: | ||
| 单 册: | ||
| 中图分类: | D625 , D771.132 | |
| 科图分类: | ||
| 主题词: | 公民--gong min--参与管理--地方政府--行政管理--对比研究--中国--加拿大 | |
| 电子资源: | ||
| ISBN: | 978-7-300-22688-0 | |
| 000 | 01332nam0 22002771 450 | |
| 001 | 0109172531 | |
| 005 | 20170309172531.0 | |
| 010 | @a978-7-300-22688-0@dCNY59.00 | |
| 100 | @a20160429d2016 em y0chiy50 ea | |
| 101 | 0 | @achi |
| 102 | @aCN@b110000 | |
| 105 | @ay z 000yy | |
| 106 | @ar | |
| 200 | 1 | @a地方治理中的公民参与@9di fang zhi li zhong de gong min can yu@e中国与加拿大比较研究视角@f陈振明,(加)安德鲁·桑克顿(Andrew Sancton)主编 |
| 210 | @a北京@c中国人民大学出版社@d2016 | |
| 215 | @a266页@d24cm | |
| 300 | @a国家治理研究书系 | |
| 330 | @a本书由中加两国的15位学者共同撰写,全书在探讨中加两国不同的政府体制背景及两国地方治理中公民参与发展的历程、现状、趋势及特征的基础上,选择了中国和加拿大城市公共服务中的若干典型领域(包括城市贫困治理、环境治理、保障性住房、城市新移民及其子女教育等)的公民参与进行案例研究及比较分析,描述中加两国地方治理中公民参与的现实,并揭示中加两国地方治理中的公民参与的异同点。 | |
| 517 | 1 | @a中国与加拿大比较研究视角@9zhong guo yu jia na da bi jiao yan jiu shi jiao |
| 606 | 0 | @a公民@9gong min@x参与管理@x地方政府@x行政管理@x对比研究@y中国@y加拿大 |
| 690 | @aD625@v5 | |
| 690 | @aD771.132@v5 | |
| 701 | 0 | @a陈振明@9chen zhen ming@f(1959~)@4主编 |
| 701 | 0 | @c(加)@a桑克顿@9sang ke dun@c(Sancton, Andrew)@4主编 |
| 801 | 0 | @aCN@bTANGWEI@c20170308 |
| 905 | @b0954345-7@dD625@e72@f3 | |
| 地方治理中的公民参与:中国与加拿大比较研究视角/陈振明,(加)安德鲁·桑克顿(Andrew Sancton)主编.-北京:中国人民大学出版社,2016 |
| 266页;24cm |
| 国家治理研究书系 |
| ISBN 978-7-300-22688-0:CNY59.00 |
| 本书由中加两国的15位学者共同撰写,全书在探讨中加两国不同的政府体制背景及两国地方治理中公民参与发展的历程、现状、趋势及特征的基础上,选择了中国和加拿大城市公共服务中的若干典型领域(包括城市贫困治理、环境治理、保障性住房、城市新移民及其子女教育等)的公民参与进行案例研究及比较分析,描述中加两国地方治理中公民参与的现实,并揭示中加两国地方治理中的公民参与的异同点。 |
| ● |
| 相关链接 |
|
|
|
|
正题名:地方治理中的公民参与
索取号:D625/72
 
预约/预借
| 序号 | 登录号 | 条形码 | 馆藏地/架位号 | 状态 | 备注 |
| 1 | 0954345 | 209543458 | 第一样本阅览室/ [索取号:D625/72] | 在馆 | |
| 2 | 0954346 | 209543467 | 第一借阅区/ [索取号:D625/72] | 在馆 | |
| 3 | 0954347 | 209543476 | 第一借阅区/ [索取号:D625/72] | 在馆 |